000
00288nam a2200109Ia 4500
008
190216s9999||||xx |||||||||||||| ||und||
100
_a
"Satyaprakash, Agarwal Sk&Amp;Keemtilal"
245
0
_a
Medical Entrance Examinations
260
_b
As Prakashan
_c
1997
300
_a
4000p
942
_c
REF
999
_c
36326
_d
36326